00313nam a2200133Ia 45000030006000000080041000060400015000471000031000622450022000932600029001153000006001445460012001500050017001620STCL150530s9999 xx 000 0 und d aSTCLcSTCL aLow Jennifer;Danino Michal aMind of the Cells bMira Aditi; Mysorec2002 a0 aEnglish20220125170421.0